000 00280nam a2200109Ia 4500
008 231221s9999 xx 000 0 und d
041 _aEnglish
245 0 _aAccess 2002 guide book for office XP
260 _bGalgotia
_aNew Delhi
650 _aAccess,2002,office,XP
942 _cCD
999 _c215257
_d215257